| 000 | 00624nam a2200181 i 4500 | ||
|---|---|---|---|
| 001 | 142645 | ||
| 003 | ES-MaACL | ||
| 005 | 20230906200601.0 | ||
| 007 | t| | ||
| 008 | 071009s1971 sp ||||1| spa d | ||
| 080 | _a726.75(46.714 Pobl):255 | ||
| 100 | 1 |
_aVilarrubias Solanes, Felio A. _9114827 |
|
| 245 | 1 | 0 |
_aHermandad del Monasterio Cisterciense de Santa María de Poblet _b: memoria de los año 1968 y 1969 / _cpor Felio A. Vilarrubias. |
| 260 |
_aPoblet : _bAbadía, _c1971. |
||
| 300 |
_a100 p. : _bil. ; _c22 cm. |
||
| 610 | 2 |
_aMonasterio de Santa María de Poblet. _95752 |
|
| 852 |
_aES-MaACL _jC-45061 _bR.77882 |
||
| 999 |
_c142645 _d142645 |
||